MARC

Tag First Indicator Second Indicator Subfields
LEADER 00000cam a22000001a 4500
001 in00003263166
006 m d f
007 cr bn mmmapmmp
008 100322s1981 dcua o f000 0 eng d
005 20260604202114.2
035 |a cis2007492973 
040 |a UMI  |c UMI  |d UtOrBLW 
043 |a n-us--- 
074 |a 1010-A, 1010-B (microfiche) 
086 0 |a Y 4.Ag 8/1:97-G/pt.1-9 
088 |a Serial No. 97-G (United States. Congress. House. Committee on Agriculture) 
099 |a HRG-1981-HAG-0008 
099 |a HRG-1981-HAG-0017 
099 |a HRG-1981-HAG-0018 
099 |a HRG-1981-HAG-0019 
099 |a HRG-1981-HAG-0020 
099 |a HRG-1981-HAG-0021 
099 |a HRG-1981-HAG-0022 
099 |a HRG-1981-HAG-0023 
099 |a HRG-1981-HAG-0009 
245 0 0 |a General farm bill of 1981. 
264 1 |a Washington :  |b U.S. G.P.O.,  |c 1981. 
300 |a 1 online resource. 
336 |a text  |b txt  |2 rdacontent 
337 |a computer  |b c  |2 rdamedia 
338 |a online resource  |b cr  |2 rdacarrier 
500 |a Record is based on bibliographic data in ProQuest Congressional Hearings Digital Collection. Reuse except for individual research requires license from ProQuest, LLC. 
505 1 |a pt. 1. [No distinctive title] -- pt. 2. Food stamp program -- pt. 3. Cotton, rice, and sugar programs -- pt. 4. Peanut program and peanut price support -- pt. 5. Wheat, soybeans, and feed grains -- pt. 6.Conservation, credit, rural development -- pt. 7. Dairy, beekeeper, and wool programs -- pt. 8. Public Law 480 and research and extension -- pt.9 [no distinctive title] 
538 |a System requirements: PDF reader software. 
500 |a Electronic resource. 
650 0 |a Agricultural laws and legislation  |z United States. 
655 7 |a Electronic books.  |2 local 
710 2 |a ProQuest (Firm) 
710 1 |a United States.  |b Congress.  |b House.  |b Committee on Agriculture. 
710 1 |a United States.  |b Congress.  |b House.  |b Committee on Agriculture.  |b Subcommittee on Domestic Marketing, Consumer Relations, and Nutrition. 
710 1 |a United States.  |b Congress.  |b House.  |b Committee on Agriculture.  |b Subcommittee on Cotton, Rice, and Sugar. 
710 1 |a United States.  |b Congress.  |b House.  |b Committee on Agriculture.  |b Subcommittee on Tobacco and Peanuts. 
710 1 |a United States.  |b Congress.  |b House.  |b Committee on Agriculture.  |b Subcommittee on Wheat, Soybeans, and Feed Grains. 
710 1 |a United States.  |b Congress.  |b House.  |b Committee on Agriculture.  |b Subcommittee on Livestock, Dairy, and Poultry. 
776 0 8 |i Print version:   |t General farm bill of 1981  |w (DLC)81602989  |w (OCoLC)07853820  |w gp 81014696 
776 0 8 |i Microfiche version:   |t General farm bill of 1981.  |d [Bethesda, Md.] : ProQuest,[2004]  |o CIS 81 H161-29 (pt.1)  |o CIS 81 H161-30 (pt.2)  |o CIS 81 H161-31 (pt.3)  |o CIS 81 H161-32 (pt.4)  |o CIS 81 H161-33 (pt.5)  |o CIS 81 H161-34 (pt.6)  |o CIS 81 H161-35 (pt.7)  |o CIS 81 H161-36 (pt.8)  |o CIS 81 H161-37 (pt.9)  |w (ProQuest)cis08100182 
830 0 |a U.S. Congressional Hearings. 
856 4 0 |u http://proxy.library.tamu.edu/login?url=https://congressional.proquest.com/congcomp/getdoc?HEARING-ID=HRG-1981-HAG-0008  |z Connect to the full text of this electronic book  |t 0 
856 4 0 |u http://proxy.library.tamu.edu/login?url=https://congressional.proquest.com/congcomp/getdoc?HEARING-ID=HRG-1981-HAG-0017  |z Connect to the full text of this electronic book  |t 0 
856 4 0 |u http://proxy.library.tamu.edu/login?url=https://congressional.proquest.com/congcomp/getdoc?HEARING-ID=HRG-1981-HAG-0018  |z Connect to the full text of this electronic book  |t 0 
856 4 0 |u http://proxy.library.tamu.edu/login?url=https://congressional.proquest.com/congcomp/getdoc?HEARING-ID=HRG-1981-HAG-0019  |z Connect to the full text of this electronic book  |t 0 
856 4 0 |u http://proxy.library.tamu.edu/login?url=https://congressional.proquest.com/congcomp/getdoc?HEARING-ID=HRG-1981-HAG-0020  |z Connect to the full text of this electronic book  |t 0 
856 4 0 |u http://proxy.library.tamu.edu/login?url=https://congressional.proquest.com/congcomp/getdoc?HEARING-ID=HRG-1981-HAG-0021  |z Connect to the full text of this electronic book  |t 0 
856 4 0 |u http://proxy.library.tamu.edu/login?url=https://congressional.proquest.com/congcomp/getdoc?HEARING-ID=HRG-1981-HAG-0022  |z Connect to the full text of this electronic book  |t 0 
856 4 0 |u http://proxy.library.tamu.edu/login?url=https://congressional.proquest.com/congcomp/getdoc?HEARING-ID=HRG-1981-HAG-0023  |z Connect to the full text of this electronic book  |t 0 
856 4 0 |u http://proxy.library.tamu.edu/login?url=https://congressional.proquest.com/congcomp/getdoc?HEARING-ID=HRG-1981-HAG-0009  |z Connect to the full text of this electronic book  |t 0 
998 |a cis08100182 
999 |a MARS 
999 f f |s 0f7b6a67-12cb-3993-ade5-6684c7f4c41a  |i be8ca6af-a10d-3dd1-8d05-115e11079445  |t 0 
952 f f |a Texas A&M University  |b College Station  |c Electronic Resources  |s www_evans  |d Available Online  |t 0  |e HRG-1981-HAG-0009  |h Other scheme 
998 f f |a HRG-1981-HAG-0009  |t 0  |l Available Online